Statistiques concernant Paroles "Bécane"-Lomepal

Cliquez ici pour prendre le quiz!

Statistiques générales

  • Ce quiz a été pris 411 fois
  • Le résultat moyen est 274 sur 467

Statistiques - réponses

Paroles% Correct
de
96%
Le
95%
le
95%
Le
95%
à
94%
A
94%
à
94%
a
94%
la
92%
La
92%
m'a
92%
ma
92%
les
91%
Les
91%
se
90%
des
89%
Dés
89%
au
85%
ça
85%
me
85%
qui
84%
va
84%
du
82%
et
82%
Et
82%
y
82%
comme
81%
pas
81%
bécane,
80%
sur
80%
yeux
80%
calme
79%
je
79%
Je
79%
conscience
78%
En
78%
en
78%
on
78%
paire
77%
Vans
77%
appels
76%
deux
76%
fait
76%
phares
74%
Un
74%
un
74%
Cerveau
73%
Seul
73%
troué
73%
faucheuse
72%
tout
72%
Tout
72%
brillent,
71%
moi
71%
passage
71%
piéton
71%
quand
71%
est
70%
milieu
70%
vie
70%
belle
69%
était
69%
mon
69%
s'éteint
69%
une
69%
Bébé, serre-moi fort, bébé, serre-moi fort
66%
Bébé, serre moins fort, bébé, serre-moi fort
66%
Bébé, serre moins fort, bébé, serre moins fort
66%
jour
66%
jour"
66%
sans
66%
déjà
65%
rois
65%
Change
64%
J'ai
64%
j'ai
64%
intérieur,
63%
avant
62%
Chaque
62%
chaque
62%
départ,
62%
départ
62%
bière
61%
l'orage,
61%
par
61%
Envie
60%
envie
60%
imparfaite
60%
perfection
60%
Terre
60%
Tes
59%
tes
59%
autour
58%
nouvelles
58%
entière
58%
mains
58%
peu
58%
toi
58%
verre
58%
pressions
56%
si
56%
ville
56%
ces
55%
mieux
55%
subis
54%
chier
53%
pour
52%
d'envoyer
51%
part
51%
pierre
50%
Rappelle-toi
50%
Rappelle-toi
50%
caméras
49%
nous
49%
49%
tisane
49%
C'est
48%
c'est
48%
farce
48%
fin
48%
nuit,
48%
allait
47%
roulait
47%
son
47%
Petit,
46%
futur
45%
Torturé,
45%
torturé
45%
disparais
44%
d'surveillance
44%
dur
44%
femme,
44%
lui
43%
Même
43%
même
43%
cette
42%
chiens
42%
c'que
42%
dire,
42%
dire
42%
encore
42%
Mais
42%
mais
42%
respecte
42%
sous
42%
été,
41%
porte
41%
réel
41%
sont
41%
Monsieur
40%
chaud
39%
Dehors
39%
miens
39%
avec
38%
c'était
38%
chair
38%
comédien
38%
presse
38%
puis
38%
s'arrangera
38%
soir
38%
traités
38%
d'amour
37%
d'être
37%
policier
37%
silence,
37%
coïncidences
36%
durer
36%
Elle
36%
elle
36%
elle,
36%
n'existent
36%
parcours
36%
petits
36%
Urion
36%
vois
36%
l'heure
35%
Peugeot 103
35%
spectre
35%
pensées
34%
vieux
34%
bien
33%
m'endors
33%
claquent
32%
galères
32%
qu'elle
32%
Tant
32%
dans
31%
nos
31%
partout
31%
signes
31%
baises,
30%
"Grâce
30%
j'apprécie
29%
Peur
29%
"tu
29%
filles
28%
mes
27%
jamais
26%
peine
26%
s'efface,
26%
souffrir,
26%
tous
26%
Avoir
25%
plaisir,
25%
possédé
25%
seconde,
25%
j'avais
24%
rien
24%
vu
24%
fixe
23%
Pourquoi
23%
blanc
22%
d'ouvrir
22%
plafond
22%
visage
22%
appeler
20%
Changent
20%
choses
20%
dit
20%
plus
20%
autres
19%
d'oublier
19%
douceur?
19%
maintenant
19%
partie
19%
réponses
19%
Antoine"
18%
contre
18%
d'bénéfique
18%
n'auras
18%
regrets
18%
Remords
18%
besoin
17%
d'ja
17%
heures
17%
r'commencé
17%
seuls?
17%
sommeil
17%
voulais
17%
docteurs
16%
J'échange
16%
J'essaye
16%
qu'j'ai
16%
jeux
15%
m'excite
14%
soigner
14%
coup
13%
fesses
13%
J'regarde
13%
savent
13%
foule
12%
multiplie
12%
"désolé"
11%
J'suis
11%
brusquent
10%
grosses
10%
l'oublie
10%
surpris
10%
paires
9%
Quelques
9%
dix
8%
Est-c'que
7%
mis à part
7%
Putain,
7%
promis juré,
6%
Ah, bébé, serre-moi fort, bébé, serre-moi fort
4%
Ah, bébé, serre moins fort, bébé, serre moins fort
4%

Distribution des résultats

Percentile par nombre de réponses

% des personnes avec chaque résultat

Votre développement - résultats

Vous n’avez pas pris ce quiz